| 000 | 00344nam a2200109Ia 4500 | ||
|---|---|---|---|
| 999 |
_c10553 _d10553 |
||
| 008 | 220318s9999 xx 000 0 und d | ||
| 020 | _a9787503866180 | ||
| 100 | _aHong Kong Architecture Science Press; JTart Publishing & Media | ||
| 245 | 0 | _a Commercial and public : top 100 world's landscape | |
| 260 |
_bJ Tart publishing _c2012 |
||
| 942 | _2ddc | ||